00270nam a2200109Ia 4500008004100000100002800041245003500069260002100104650001100125942000700136999001700143190216s9999||||xx |||||||||||||| ||und|| aHarnan Singh El En More 0aKalisambathum Kozhivalarthalum bBhasha Institute aBotany cBK c40356d40356